Smart English/ (Record no. 176746)

MARC details
000 -LEADER
fixed length control field 00698nam a22002057a 4500
005 - DATE AND TIME OF LATEST TRANSACTION
control field 20210122123801.0
010 ## - LCCN (DPL NO)
LC control number ENG-128817
020 ## - INTERNATIONAL STANDARD BOOK NUMBER
Terms of availability 396.00
International Standard Book Number 978-81-8449-971-1
035 ## - SYSTEM CONTROL NUMBER
System control number EN-112349
037 ## - SOURCE OF ACQUISITION
Source of stock number/acquisition DBAD/PUB
082 ## - DEWEY DECIMAL CLASSIFICATION NUMBER
Classification number 485
100 ## - MAIN ENTRY--PERSONAL NAME
Personal name Sai Ram, A.
245 ## - TITLE STATEMENT
Title Smart English/
Remainder of title by A. Sai Ram, D. Mani and K. S. Krishna
260 ## - PUBLICATION, DISTRIBUTION, ETC. (IMPRINT)
Place of publication, distribution, etc Chennai
Name of publisher, distributor, etc Sura College of Competition
Date of publication, distribution, etc 2018
270 ## - ADDRESS
City Chennai
Postal code 600040
Address 1620, J Block, 16th Main Road, Anna Nagar
Telephone number 044-26162173, 261161099
Electronic mail address enquiry@surabooks.com
300 ## - PHYSICAL DESCRIPTION
Extent 488+32p.
Dimensions 26cm(pbk)
Other physical details Including tables and illustrations.
700 ## - ADDED ENTRY--PERSONAL NAME
Personal name Mani, D.
700 ## - ADDED ENTRY--PERSONAL NAME
Personal name Krishna, K. S.
942 ## - ADDED ENTRY ELEMENTS (KOHA)
Source of classification or shelving scheme Dewey Decimal Classification
Item type English Books
Classification part 485
Call number suffix SAI
Holdings
Withdrawn status Lost status Not for loan Collection code Home library Current library Date acquired Source of acquisition Cost, normal purchase price Full call number Barcode Copy number Cost, replacement price Koha item type
      Non-fiction Sarojini Nagar Sarojini Nagar 22/01/2021 DBAD/PUB 396.00 485 SAI EN-112349 1 396.00 English Books

© Delhi Public Library
Hit Counter
free hit counter